00625nam a2200205Ia 450000500170000000800410001702000150005808200190007310000190009224500640011126000600017530000160023565000120025165000140026365000130027765000130029094200060030395200950030999900150040420250220054912.0240331s9999 xx 000 0 und d a9559391003 bMUT25701a954 aMuthulingam, P 0aEluthatha Varalaru:bIlangai Dravidar Iyakkam Pattiya Aaivu aKandybSri Lanka Department of Social Developmentc1996 avi, 122 p., aHistory aDravidian aLanguage aPolitics cL 001040708LaWERCLbWERCLcSSCd2024-03-31l0o 954 MUTp5701r2024-03-31w2024-03-31yL c4284d4284